LEADER 00846nam0-22003131i-450- 001 990007954060403321 005 20041122122356.0 010 $a88-14-02335-2 035 $a000795406 035 $aFED01000795406 035 $a(Aleph)000795406FED01 035 $a000795406 100 $a20041119d1990----km-y0itay50------ba 101 0 $aita 102 $aIT 105 $ay-------001yy 200 1 $a<>tasse di concessione comunale$fSilla di Ciaccia 210 $aMilano$cA. Giuffrè$dstampa 1990 215 $aXIII, 461 p.$d23 cm 225 1 $aFinanza locale 676 $a343.4505$v12$zita 700 1$aDi Ciaccia,$bSilla$0411025 801 0$aIT$bUNINA$gRICA$2UNIMARC 901 $aBK 912 $a990007954060403321 952 $aF 294$bs.i.$fDSS 959 $aDSS 996 $aTasse di concessione comunale$962665 997 $aUNINA LEADER 01102nam0-22003371i-450- 001 990003829520403321 005 20091012123447.0 010 $a88-464-1090-4 035 $a000382952 035 $aFED01000382952 035 $a(Aleph)000382952FED01 035 $a000382952 100 $a20030910d1998----km-y0itay50------ba 101 0 $aita 102 $aIT 105 $a--------001cy 200 1 $aProgettazione come impresa sociale$eistituzioni, spazio e preadolescenti in una ricerca intervento a Maranello$fVando Borghi 210 $aMilano$cFrancoAngeli$dc1998 215 $a144 p.$d22 cm 225 1 $aSociologia del lavoro$fcollana diretta da Michele La Rosa$iTeorie e ricerche$v36 320 $aContiene riferimenti bibl. (pp. 141-144) 610 0 $aAdolescenti$aMaranello$aTempo libero 676 $a305.235094542$v21$zita 700 1$aBorghi,$bVando$0128514 801 0$aIT$bUNINA$gRICA$2UNIMARC 901 $aBK 912 $a990003829520403321 952 $a305.235094542 BOR 1$b7947$fBFS 959 $aBFS 996 $aProgettazione come impresa sociale$9508142 997 $aUNINA LEADER 01327nas 2200445 c 450 001 9910892494303321 005 20260218113257.0 024 7 $aurn:nbn:de:bsz:31-66618 035 $a(DE-599)ZDB2747934-1 035 $a(OCoLC)869859999 035 $a(DE-101)1046045598 035 $a(CKB)5580000000491900 035 $a(DE-599)2747934-1 035 $a(EXLCZ)995580000000491900 100 $a20140106b18581923 |y | 101 0 $ager 135 $aur||||||||||| 181 $ctxt$2rdacontent 182 $cc$2rdamedia 183 $acr$2rdacarrier 200 00$aU?ber Land und Meer$eallgemeine illustrirte Zeitung 210 31$aStuttgart$cDt. Verl.-Anst.$d1858-1923 210 21$aStuttgart$cHallberger 215 $aOnline-Ressource 517 3 $aDeutsche illustrierte Zeitung 517 3 $aIllustrierte Zeitschriften / U?ber Land und Meer 606 $aFamilienzeitschrift$3(DE-588)4153656-3$3https://d-nb.info/gnd/4153656-3$3(DE-101)041536568$9rswk-swf$2gnd 608 $aZeitung$2gnd-content 608 $aZeitschrift$9rswk-swf$2gnd 615 7$aFamilienzeitschrift. 676 $a070 676 $a800 676 $a790 801 0$b9001 801 1$bDE-101 801 2$b9999 906 $aJOURNAL 912 $a9910892494303321 996 $aU?ber Land und Meer$94437314 997 $aUNINA